000 01183cam a2200337 i 4500
003 EG-GICUC
005 20260223091052.0
008 260222m19989999nyu frb 000 0 eng d
040 _aEG-GICUC
_cEG-GICUC
_dEG-GICUC
_beng
_erda
082 0 4 _221
_a347.224
092 0 4 _221
099 _aLaw 12 1998
100 1 _aSmit, Hans.
245 1 0 _aRules of national arbitral institutions /
_cH. Smit, V. Pechota.
_nvolume 2
264 _a[Yonkers, N.Y.] :
_bJuris Pub. ;
_a[London] :
_bSweet & Maxwell,
_c1998-
300 _a2 volumes (loose-leaf) ;
_c26 cm.
336 _atext
_2rdacontent
337 _aComputer
_2rdamedia
338 _aOnline Resource
_2rdacarrier
490 1 _aParker school guidees to international arbitration.
500 _aVolume 2 ( various paging )
504 _aIncludes bibliographical references.
650 0 _aArbitration and award.
650 0 _aInternational commercial arbitration.
700 1 _aPěchota, Vratislav,
_ejoint author.
710 _aParker school of foreign and comparative law.
710 _aColumbia University.
856 4 0 _uhttps://fll.law.cu.edu.eg/fulltext/bks/ENGB12-00004.pdf
905 _a10
942 _2ddc
_cBK
_e21
_n0
999 _c63996
_d63996